AFL Top 25 Midfielders 2025 (Post Round 2) - Statistics

General Stats
  • This quiz has been taken 157 times
  • The average score is 19 of 25
Answer Stats
Hint Answer % Correct
5 Collingwood Nick Daicos
98%
11 Carlton Patrick Cripps
94%
18 Brisbane Lachie Neale
92%
3 Port Adelaide Connor Rozee
91%
24 Collingwood Josh Daicos
91%
1 Essendon Zach Merrett
91%
2 Adelaide Jordan Dawson
90%
20 Gold Coast Matt Rowell
89%
7 Sydney Chad Warner
87%
6 Hawthorn Jai Newcombe
85%
12 Gold Coast Noah Anderson
84%
23 Melbourne Christian Petracca
83%
19 Hawthorn Will Day
74%
21 Melbourne Clayton Oliver
73%
10 Western Bulldogs Tom Liberatore
73%
8 Brisbane Josh Dunkley
71%
4 St Kilda Jack Macrae
69%
9 GWS Finn Callaghan
66%
17 St Kilda Jack Sinclair
66%
22 Western Bulldogs Ed Richards
57%
16 Carlton Adam Cerra
53%
13 Essendon Jye Caldwell
52%
14 Adelaide Jake Soligo
51%
25 GWS Josh Kelly
50%
15 North Melbourne Tom Powell
40%
No matching quizzes found
Score Distribution
Percent of People with Each Score
Percentile by Number Answered
Your Score History
You have not taken this quiz